000 00489nam a22001697a 4500
005 20260312131203.0
008 260312b |||||||| |||| 00| 0 eng d
037 _cDSWL
040 _aDSWL
_cDSWL
041 _heng
100 _aAdhikari, Anju
_91131859
245 _aSexuality concerns of young persons with physically disability
260 _aDelhi,
_bDepartment of Social Work,
_c2015
300 _a343p
942 _2CC
_cTH
_n0
999 _c1715241
_d1715241